Normale Ansicht MARC-Ansicht ISBD

Eine Auto-Biografie: (Titelsatznr. 80390)

[ MARC ]
MARC-Details
000 -Satzkennung
Kontrollfeld mit fester Länge 00659nam a22001577a 4500
008 - Feld mit fester Länge zur physischen Beschreibung - Allgemeine Angaben
Kontrollfeld mit fester Länge 201130b ||||| |||| 00| 0 eng d
040 ## - Katalogisierungsquelle
Katalogisierungssprache ger
Übertragungsstelle STAFF
Beschreibungsfestlegungen rda
041 ## - Sprachcode
Sprachcode des Textes/der Tonspur oder des separaten Titels ger
100 ## - Person oder Familie als 1. geistiger Schöpfer
Personenname Vogel, Julia:
245 ## - Titel
Haupttitel Eine Auto-Biografie:
Titelzusatz Schon zu DDR-Zeiten galt Andreas Kunaths Leidenschaft den Autos... Kunaths ganzer Stolz: ein Moskwitsch von 1968/
Verantwortlichkeitsangabe Julia Vogel
773 ## - Übergeordnete Einheit
Ort, Verlag und Erscheinungsjahr Frankfurt (Oder): Märkisches Verlags- und Druckhaus GmbH & Co KG
Verknüpfungsangaben 31. Jahrgang (2020) Nr. 290 vom 12./13.12.2020, Journal am Wochenende/ Brandenburger Blätter, S. 5
Titel Märkische Oderzeitung
942 ## - Zusätzliche Felder (Koha)
Koha-Medientyp Aufsätze
Exemplare
Ausgeschieden Verloren Beschädigt Nicht entleihbar Permanenter Standort Aktueller Standort Aufstellungsort Eingabedatum Anzahl Ausleihen Signatur Letzte Aktivität Preis gültig von Medientyp
        Stadtarchiv Frankfurt (Oder) | Archivbibliothek Stadtarchiv Frankfurt (Oder) | Archivbibliothek Magazin 15/12/2020   Z2 15/12/2020 15/12/2020 Aufsätze